| 000 | 004830000a22001810004500 | ||
|---|---|---|---|
| 003 | MACL | ||
| 005 | 20151011174202.0 | ||
| 008 | 151011b xxu||||| |||| 00| 0 eng d | ||
| 040 |
_aMACL _cMACL |
||
| 041 | _aEnglish | ||
| 082 | _a920/CHO | ||
| 100 |
_aChoudhry, Valmiki _914503 |
||
| 245 |
_aDr. Rajendra Prasad _bCorrespondence and Selectd Documents |
||
| 260 |
_bAalied Publishers Limited _c1993 _aNew Delhi |
||
| 350 | _a300 | ||
| 650 |
_aBiography _914504 |
||
| 942 |
_cBK _k920 _2ddc |
||
| 999 |
_c3732 _d3732 |
||